=LDR 00000nam 2200000 4500 =001 INLIS000000000044599 =005 20140624130947.0 =006 =007 =008 Ind =035 ##$$0010-101300000002521 =041 ##$$a Ind =082 ##$$a 658.84 =090 ##$$a 658.84 , Ari s =100 ##$$a Ariefiansyah, Miyosi =245 ##$$a Strategi gila menjadi manajer no 1 , Miyosi Ariefansyah =260 ##$$a 2011 $b Bekasi =300 ##$$a 163 hlm. , 21 cm =850 ##$$a NBPNMAT =990 ##$$a 0001/BPAP-NTB/20142014 =990 ##$$a 0082/BPAP-NTB/2015